<?xml version="1.0" encoding="UTF-8"?>
<marc:record xmlns:marc="http://www.loc.gov/MARC21/slim">
   <marc:leader>00000nam a2200000 a 4500</marc:leader>
   <marc:datafield ind1="1" ind2=" " tag="100">
      <marc:subfield code="a">Wolf, Klaus-Peter</marc:subfield>
      <marc:subfield code="4">aut</marc:subfield>
      <marc:subfield code="e">Verfasser/-in</marc:subfield>
   </marc:datafield>
   <marc:datafield ind1="0" ind2="0" tag="245">
      <marc:subfield code="a">Der Weihnachtsmannkiller 2</marc:subfield>
   </marc:datafield>
   <marc:datafield ind1="0" ind2="0" tag="245">
      <marc:subfield code="b">Ein neuer Winter-Krimi aus Ostfriesland</marc:subfield>
   </marc:datafield>
   <marc:datafield ind1="0" ind2="0" tag="245">
      <marc:subfield code="c">Wolf, Klaus-Peter</marc:subfield>
   </marc:datafield>
   <marc:datafield ind1=" " ind2="1" tag="264">
      <marc:subfield code="a">Frankfurt am Main</marc:subfield>
      <marc:subfield code="b">Fischer Taschenbuch</marc:subfield>
   </marc:datafield>
   <marc:datafield ind1="1" ind2=" " tag="520">
      <marc:subfield code="a">Die einen haben eine Katzenallergie oder können keine Milch vertragen. Seine Abwehrsysteme schlugen Alarm bei allem, was mit Weihnachten zu tun hatte.  &#xD;
Tobias Henner, der Mörder von siebzehn Weihnachtsmännern, ist auf der Flucht. Geschickt konnte er bei einem Freigang seinen Bewachern entwischen. Alles zieht ihn zurück an seine letzten Tatorte in Ostfriesland. Denn ihm fehlen noch sieben Weihnachtsmänner, damit er in seinem ganz speziellen Adventskalender bis zum Heiligen Abend auch alle Türchen öffnen kann. Sieben Weihnachtsmänner also, die er sich noch holen muss, damit endlich Frieden einkehrt an der Küste. Jetzt ist die Chance da, sein Werk zu vollenden und bis zum 24. Dezember alles zu Ende bringen.</marc:subfield>
   </marc:datafield>
   <marc:datafield ind1=" " ind2=" " tag="020">
      <marc:subfield code="a">9783596710959</marc:subfield>
      <marc:subfield code="9">9783596710959</marc:subfield>
   </marc:datafield>
   <marc:datafield ind1=" " ind2=" " tag="020">
      <marc:subfield code="a">3596710952</marc:subfield>
      <marc:subfield code="9">3596710952</marc:subfield>
   </marc:datafield>
   <marc:datafield ind1=" " ind2=" " tag="041">
      <marc:subfield code="a">ger</marc:subfield>
   </marc:datafield>
   <marc:datafield ind1=" " ind2=" " tag="338">
      <marc:subfield code="a">Band</marc:subfield>
   </marc:datafield>
   <marc:datafield ind1=" " ind2=" " tag="300">
      <marc:subfield code="a">265 Seiten</marc:subfield>
   </marc:datafield>
</marc:record>
